[Event "2005 Standard Chess Dropout Tournament, Round 4"]
[Site "SchemingMind.com"]
[Date "2005.11.30"]
[Round "4"]
[White "Tannhäuser"]
[Black "TripleBrain"]
[Result "1/2-1/2"]
[WhiteCountry "BAH"]
[BlackCountry "GBR"]
[WhiteElo "2219"]
[WhiteRD "141"]
[BlackElo "2087"]
[BlackRD "108"]
[GameID "31697"]

1. c4 Nf6 2. d4 g6 3. Nc3 Bg7 4. e4 d6 5. Nf3 O-O 6. Be2 e5 7. O-O Nc6 8. d5 Ne7 9. b4 Nh5 10. Re1 a5
11. bxa5 Rxa5 12. Rb1 b6 13. Rb5 Ra8 14. Rb3 Bb7 15. Qd3 Nf6 16. Be3 Ng4 17. Bg5 Nf6 18. a4 Nd7 19. Be3= f5 20. Qc2 f4
21. Bd2 Nc5 22. Ra3 Qd7=
1/2-1/2

[Event "2005 Standard Chess Dropout Tournament, Round 4"]
[Site "SchemingMind.com"]
[Date "2005.11.30"]
[Round "4"]
[White "C. H. O'D. Schlechter"]
[Black "Tannhäuser"]
[Result "1/2-1/2"]
[WhiteCountry "USA"]
[BlackCountry "BAH"]
[WhiteElo "2227"]
[WhiteRD "79"]
[BlackElo "2236"]
[BlackRD "146"]
[GameID "31698"]

1. e4 e5 2. Nf3 Nf6 3. Nxe5 d6 4. Nf3 Nxe4 5. c4 Be7 6. d4 O-O 7. Bd3 d5 8. O-O Nf6 9. Nc3 Nc6 10. h3 dxc4
11. Bxc4 Na5 12. Bd3 Be6 13. Re1 Nc6 14. a3 a6 15. Bf4 h6 16. Bc2 Re8 17. Qd3 Bd6 18. Bxh6 gxh6 19. d5 Bd7 20. dxc6 Bxc6
21. Nd4 Be5 22. Nxc6 Qxd3 23. Bxd3 bxc6 24. Re2 Bxc3 25. bxc3 Rxe2 26. Bxe2 Ne4 27. Bf3 Nd2 28. Bxc6 Rb8= 29. a4 Rb3 30. Rc1=
1/2-1/2

[Event "2005 Standard Chess Dropout Tournament, Round 4"]
[Site "SchemingMind.com"]
[Date "2005.12.03"]
[Round "4"]
[White "latvija"]
[Black "C. H. O'D. Schlechter"]
[Result "1/2-1/2"]
[WhiteCountry "USA"]
[BlackCountry "USA"]
[WhiteElo "2073"]
[WhiteRD "109"]
[BlackElo "2227"]
[BlackRD "79"]
[GameID "31699"]

1. e4 e5 2. Nf3 Nc6 3. d4 exd4 4. Nxd4 Bc5 5. Be3 Qf6 6. c3 Nge7 7. Bc4 Ne5 8. Be2 Qg6 9. O-O d6 10. f3 O-O
11. Nd2 Bb6 12. Nc4 Nxc4 13. Bxc4 Be6 14. Bd3 f5 15. Bf2 Kh8 16. Nxe6 Qxe6 17. Qb3 Qh6 18. Bxb6 axb6 19. Rfe1 f4 20. e5 Nf5
21. Bxf5 Rxf5 22. exd6 Qxd6 23. Qe6 Qxe6=
1/2-1/2

[Event "2005 Standard Chess Dropout Tournament, Round 4"]
[Site "SchemingMind.com"]
[Date "2005.12.02"]
[Round "4"]
[White "dmichael"]
[Black "latvija"]
[Result "1-0"]
[WhiteCountry "USA"]
[BlackCountry "USA"]
[WhiteElo "2246"]
[WhiteRD "78"]
[BlackElo "2051"]
[BlackRD "102"]
[GameID "31700"]

1. d4 Nf6 2. c4 c5 3. d5 b5 4. Nf3 g6 5. cxb5 a6 6. b6 Qxb6 7. Nc3 d6 8. Nd2 Bg7 9. e4 O-O 10. Be2 Nbd7
11. Nc4 Qc7 12. Bf4 Nb6 13. Ne3 a5 14. O-O Ba6 15. Bxa6 Rxa6 16. Qe2 Qb7 17. Rac1 h6 18. Bg3 Nh5 19. Bh4 Nf4 20. Qd2 Rb8
21. g3 Nh3+ 22. Kg2 Ng5 23. Qd3 Nh7 24. g4 Nd7 25. b3 Nb6 26. Bxe7 Bxc3 27. Bxd6 Rd8 28. Qxc3 Rxd6 29. Qxc5 Qe7 30. Qd4 Qb7
31. f4 a4 32. b4 Ra8 33. b5 Rc8 34. Rfd1 Rcd8 35. Rc6 Qb8 36. e5 Rxd5 37. Nxd5 Nxd5 38. Kg3 Nf8 39. Rd6 Rxd6 40. exd6 Nb6
41. f5 g5 42. h4 Nh7 43. hxg5 Nxg5 44. Re1 Qa8 45. Re3 Qd8 46. a3 Kh7 47. Qd3 Nd7 48. Re7 Kg7 49. Qd4+ Kh7 50. Qc4 Nf6
51. Qc7 Qf8 52. Kg2 Nd5 53. Qc5 Nf6 54. b6
1-0

[Event "2005 Standard Chess Dropout Tournament, Round 4"]
[Site "SchemingMind.com"]
[Date "2005.11.30"]
[Round "4"]
[White "wilfried"]
[Black "dmichael"]
[Result "1-0"]
[WhiteCountry "GER"]
[BlackCountry "USA"]
[WhiteElo "2277"]
[WhiteRD "100"]
[BlackElo "2233"]
[BlackRD "85"]
[GameID "31701"]

1. d4 d5 2. c4 e6 3. Nf3 Nf6 4. g3 dxc4 5. Bg2 a6 6. Ne5 c5 7. Na3 Ra7 8. dxc5 Qxd1+ 9. Kxd1 Bxc5 10. Naxc4 b5
11. Be3 Bxe3 12. Nxe3 Bb7 13. Bxb7 Rxb7 14. Rc1 Ke7 15. Ke1 Nbd7 16. Nd3 a5 17. f3 Rd8 18. Kf2 Nb6 19. Ne5 Rd2 20. Nd1 Nc4
21. Nd3 Ne8 22. Ke1 Ned6 23. g4 Rb8 24. b3 Rxa2 25. Nc3 Ra3 26. bxc4 bxc4 27. Nf2 Rab3 28. Kd2 Rd8 29. Kc2 Rdb8 30. Ra1 Rb2+
31. Kc1 R2b3 32. Nfd1 Nb5 33. Nxb5 R8xb5 34. Ra4 Re5 35. Kd2 Rb4 36. Nc3 Rb2+ 37. Kc1 Rb4 38. Ra3 h5 39. h3 Rc5 40. Kc2 Rb7
41. Rha1 hxg4 42. hxg4 Ra7 43. Ne4 Re5 44. g5 f5 45. gxf6+ gxf6 46. Rh1
1-0

[Event "2005 Standard Chess Dropout Tournament, Round 5"]
[Site "SchemingMind.com"]
[Date "2006.04.01"]
[Round "5"]
[White "dmichael"]
[Black "C. H. O'D. Schlechter"]
[Result "1/2-1/2"]
[WhiteCountry "USA"]
[BlackCountry "USA"]
[WhiteElo "2247"]
[WhiteRD "74"]
[BlackElo "2243"]
[BlackRD "73"]
[GameID "44741"]

1. d4 d5 2. c4 dxc4 3. e3 e5 4. Bxc4 exd4 5. exd4 Bd6 6. Nf3 Nf6 7. O-O O-O 8. Nc3 Nc6 9. h3 h6 10. Qc2 Nb4
11. Qb1 Be6 12. Bxe6 fxe6 13. Re1 Qe8 14. Bd2 Nbd5 15. Qd3 Qf7 16. Re2 Rae8 17. Rae1 c6 18. Ne5 Bxe5 19. dxe5 Nxc3 20. Bxc3 Nd5
21. Bd2 Rd8 22. Qg3 Nf4 23. Bxf4 Qxf4 24. Qb3 Qf7 25. f4 Rd4 26. f5 exf5 27. Qa3 Qd5 28. Qxa7 c5 29. e6 Re4 30. Rxe4 fxe4
31. Qa4 Qxe6 32. Rxe4 Qd5 33. Qc4 Qxc4 34. Rxc4 b6 35. b4 cxb4=
1/2-1/2

[Event "2005 Standard Chess Dropout Tournament, Round 5"]
[Site "SchemingMind.com"]
[Date "2006.03.31"]
[Round "5"]
[White "C. H. O'D. Schlechter"]
[Black "Madocillo"]
[Result "1-0"]
[WhiteCountry "USA"]
[BlackCountry "GER"]
[WhiteElo "2316"]
[WhiteRD "73"]
[BlackElo "2064"]
[BlackRD "153"]
[GameID "44742"]

1. e4 c5 2. Nf3 e6 3. b3 b6 4. Bb2 Bb7 5. e5 Ne7 6. Na3 Nbc6 7. Bd3 Nd5 8. Be4 Be7 9. O-O O-O 10. d4 Nxd4
11. Nxd4 cxd4 12. Nb5 f5 13. Bf3 Nc3 14. Bxc3 Bxf3 15. Qxf3 dxc3 16. Qxc3 Rc8 17. Qd3 a6 18. Nd4 Qc7 19. Qe2 Bc5 20. Nf3 Qb7
21. Rfd1 h6 22. Rd3 g5 23. Nd2 Rf7 24. Qh5 Bf8 25. c3 Rc5 26. Re1 b5 27. c4 Bg7 28. Rde3 Qc7 29. Qg6 Qa5 30. R3e2 Kf8
31. h3 Rxe5 32. Rxe5 Bxe5 33. Qxh6+ Kg8 34. Qxg5+ Rg7 35. Qe3 Bc3 36. Re2 bxc4 37. Nxc4 Qd5 38. g3 Qd1+= 39. Kg2 f4 40. Qe4 fxg3
41. fxg3 Rf7 42. Qg4+ Kf8 43. Ne3 Qd3 44. Qc4 Qxc4 45. bxc4 Bd4 46. Nc2 Bb6 47. Nb4 a5 48. Nd3 Bd4 49. h4 Ke7 50. Re4 Bf6
51. h5 Rf8 52. g4 Rb8 53. Kg3 Rb1 54. Re1 Rb8 55. c5 Bg5 56. Nf2 Rb2 57. Ne4 Bf6 58. Nxf6 Kxf6 59. h6
1-0

[Event "2005 Standard Chess Dropout Tournament, Round 5"]
[Site "SchemingMind.com"]
[Date "2006.04.03"]
[Round "5"]
[White "Madocillo"]
[Black "wilfried"]
[Result "1/2-1/2"]
[WhiteCountry "GER"]
[BlackCountry "GER"]
[WhiteElo "2097"]
[WhiteRD "158"]
[BlackElo "2287"]
[BlackRD "106"]
[GameID "44743"]

1. d4 Nf6 2. c4 e6 3. Nc3 Bb4 4. Qc2 O-O 5. a3 Bxc3+ 6. Qxc3 b6 7. Nf3 Bb7 8. e3 d6 9. Be2 Nbd7 10. O-O Ne4
11. Qc2 f5 12. b4 Qf6 13. Ne1 c5 14. dxc5 bxc5 15. f3 Nc3 16. Bb2 Nxe2+ 17. Qxe2 e5 18. Nd3 Qe6 19. Rac1 Rae8 20. Rfd1 Rf6
21. Rc2 Rh6 22. Nf2 Qg6 23. e4 Qh5 24. h3 Rg6 25. Rcd2 Ree6 26. Bc1 Qg5 27. Qf1 Qh5 28. Qe2=
1/2-1/2

[Event "2005 Standard Chess Dropout Tournament, Round 5"]
[Site "SchemingMind.com"]
[Date "2006.03.31"]
[Round "5"]
[White "wilfried"]
[Black "fifi"]
[Result "1/2-1/2"]
[WhiteCountry "GER"]
[BlackCountry "CAN"]
[WhiteElo "2288"]
[WhiteRD "107"]
[BlackElo "2217"]
[BlackRD "114"]
[GameID "44744"]

1. d4 Nf6 2. c4 g6 3. Nf3 Bg7 4. Nc3 O-O 5. e4 d6 6. Be2 Na6 7. O-O e5 8. dxe5 dxe5 9. Be3 Ng4 10. Bd2 c6
11. Qc2 Qe7 12. Rad1 Nc5 13. Qc1 Nf6 14. Ng5 h6 15. Nf3 Kh7 16. Qc2 Nh5 17. Be3 Nf4 18. Rfe1 a5 19. b3 Be6 20. Bc1 a4
21. b4 Na6 22. b5 cxb5 23. Bxf4 exf4 24. Nxb5 Nb4 25. Qb1 Rfd8 26. Nbd4 Bg4 27. e5 a3 28. Rc1 Rab8 29. h3 Bxf3 30. Nxf3 Nc6
31. Bd1 Qc7 32. Qb3 Nxe5 33. Nxe5 Bxe5 34. Qxa3 Ra8 35. Qb3 Rd2 36. Rc2 Rad8 37. Bf3 b6 38. Rxd2=
1/2-1/2

[Event "2005 Standard Chess Dropout Tournament, Round 5"]
[Site "SchemingMind.com"]
[Date "2006.04.01"]
[Round "5"]
[White "TripleBrain"]
[Black "latvija"]
[Result "1/2-1/2"]
[WhiteCountry "GBR"]
[BlackCountry "USA"]
[WhiteElo "2096"]
[WhiteRD "113"]
[BlackElo "2062"]
[BlackRD "102"]
[GameID "44747"]

1. e4 c5 2. Nf3 Nc6 3. d4 cxd4 4. Nxd4 e6 5. Nc3 a6 6. Be3 Qc7 7. Bd3 Nf6 8. Qe2 Bd6 9. Nxc6 dxc6 10. h3 O-O
11. O-O b5 12. f4 e5 13. f5 Qe7 14. Rfd1 Rd8 15. Qf2 c5 16. Bg5 Bb7 17. Be2 c4 18. Kh2 Bb4 19. Qh4 Bxc3 20. bxc3 h6
21. Bxf6 Qxf6 22. Qxf6=
1/2-1/2

[Event "2005 Standard Chess Dropout Tournament, Round 5"]
[Site "SchemingMind.com"]
[Date "2006.04.01"]
[Round "5"]
[White "Oskyrain"]
[Black "Jorge Anibal DEKMAK"]
[Result "1/2-1/2"]
[WhiteCountry "ARG"]
[BlackCountry "ARG"]
[WhiteElo "2111"]
[WhiteRD "83"]
[BlackElo "2196"]
[BlackRD "101"]
[GameID "44748"]

1. d4 d5 2. c4 e6 3. Nc3 Nf6 4. Bg5 Be7 5. e3 O-O 6. Nf3 Nbd7 7. Bd3 b6 8. Rc1 dxc4 9. Bxc4 Bb7 10. O-O c5
11. Qe2 a6 12. Rfd1 b5 13. Bb3 c4 14. Bc2 b4 15. Na4 Qa5 16. Bxf6 Bxf6 17. Nd2 Rac8 18. Nxc4 Qd5 19. f3 Rxc4 20. Bxh7+ Kxh7
21. Rxc4 Qb5 22. Qd3+ Kg8 23. Rc7 Bc6 24. Qc2 Nb8 25. b3 Bg5 26. Re1 Bd8 27. Rc8 Be7 28. Rxf8+ Bxf8 29. Rc1 e5 30. Nc5 exd4
31. exd4= Bd5 32. Qd2 Nc6 33. Nd7 Be7 34. Qe3 Qb7 35. Ne5 Nd8 36. Qf4 a5 37. Ng6 Bf6 38. Rc7 Qb5 39. Ne7+ Kf8 40. Nxd5 Qxd5
41. Rc4 Nc6 42. Qe4 Qxe4 43. fxe4 Nxd4 44. Kf2=
1/2-1/2

[Event "2005 Standard Chess Dropout Tournament, Round 5"]
[Site "SchemingMind.com"]
[Date "2006.04.02"]
[Round "5"]
[White "Jorge Anibal DEKMAK"]
[Black "TripleBrain"]
[Result "1/2-1/2"]
[WhiteCountry "ARG"]
[BlackCountry "GBR"]
[WhiteElo "2196"]
[WhiteRD "100"]
[BlackElo "2106"]
[BlackRD "112"]
[GameID "44749"]

1. e4 c5 2. Nf3 Nc6 3. d4 cxd4 4. Nxd4 Nf6 5. Nc3 e5 6. Ndb5 d6 7. Bg5 a6 8. Na3 b5 9. Bxf6 gxf6 10. Nd5 f5
11. exf5 Bxf5 12. c3 Bg7 13. Nc2 O-O 14. Be2 Ne7 15. Ncb4 Re8 16. a4 bxa4 17. Rxa4 e4 18. O-O a5 19. Nxe7+ Qxe7 20. Nd5 Qb7
21. Bc4 Bd7 22. Ra2 Re5 23. Ne3 Qc7 24. Qe2 a4 25. Rd1 Raa5 26. Bd5 a3 27. c4 axb2 28. Rxb2 Bc8 29. Rdb1 Re8 30. Rb8 Ra1
31. Rxa1 Qxb8 32. Ra8 Qb1+ 33. Qf1 Qd3 34. Bc6 Rf8 35. Qxd3 exd3 36. Ra3 Bd4 37. Rxd3 Bc5 38. Kf1 Kg7 39. Bd5 f5 40. f4 Bd7
41. Ke2 Re8 42. Kf3 h5 43. Nc2 h4 44. Nd4 Re1 45. g3 hxg3 46. h3 Rg1 47. Ne2 Re1 48. Nxg3 Kf6 49. Ne2 Be8 50. Nd4 Rg1
51. Kf2 Rg7 52. Kf1 Bh5 53. Re3 Bf7 54. Bxf7 Bxd4 55. Rd3 Rg1+ 56. Ke2 Kxf7 57. Rxd4 Ke6 58. Rd3 Rc1 59. Re3+ Kf6 60. Kd3 Rf1
61. Kd4 Rxf4+ 62. Kd5 Rh4 63. Rc3 Ke7=
1/2-1/2

[Event "2005 Standard Chess Dropout Tournament, Round 5"]
[Site "SchemingMind.com"]
[Date "2006.04.05"]
[Round "5"]
[White "latvija"]
[Black "David Houpt"]
[Result "0-1"]
[WhiteCountry "USA"]
[BlackCountry "GBR"]
[WhiteElo "2083"]
[WhiteRD "92"]
[BlackElo "2153"]
[BlackRD "133"]
[GameID "45458"]

1. e4 d6 2. d4 Nf6 3. Nc3 g6 4. f4 Bg7 5. Nf3 O-O 6. Bd3 Na6 7. O-O c5 8. d5 Bg4 9. h3 Bxf3 10. Rxf3 Nc7
11. Qe1 e6 12. dxe6 fxe6 13. Be3 Qd7 14. f5 gxf5 15. exf5 e5 16. Rd1 Qc6 17. Bf2 c4 18. Be2 d5 19. Rg3 Kh8 20. Bf3 e4
21. Be2 Nfe8 22. Rg5 b5 23. Bh5 Bf6 24. Bd4 Bxd4+ 25. Rxd4 b4 26. Ne2 Qb6 27. Bxe8 Raxe8 28. c3= Nb5 29. Kh1 bxc3 30. bxc3 Nxd4
0-1

[Event "2005 Standard Chess Dropout Tournament, Round 5"]
[Site "SchemingMind.com"]
[Date "2006.04.05"]
[Round "5"]
[White "David Houpt"]
[Black "Greg Magne"]
[Result "1-0"]
[WhiteCountry "GBR"]
[BlackCountry "CAN"]
[WhiteElo "2112"]
[WhiteRD "134"]
[BlackElo "1897"]
[BlackRD "120"]
[GameID "45459"]

1. e4 Nf6 2. e5 Nd5 3. c4 Nb6 4. c5 Nd5 5. Nc3 e6 6. Nxd5 exd5 7. d4 b6 8. cxb6 axb6 9. Bd3 Ba6 10. Ne2 Bxd3
11. Qxd3 Be7 12. Qg3 g6 13. O-O c6 14. Bh6 Na6 15. Qh3 Qc7 16. Bg7 O-O-O 17. Bxh8 Rxh8 18. Rfc1 Kb7 19. Nf4 Qd8 20. a4 Bb4
21. Nd3 Ba5 22. Rcb1 Qe7 23. b4 Nxb4 24. Nxb4 Bxb4 25. a5
1-0

[Event "2005 Standard Chess Dropout Tournament, Round 5"]
[Site "SchemingMind.com"]
[Date "2006.04.06"]
[Round "5"]
[White "Greg Magne"]
[Black "Oskyrain"]
[Result "0-1"]
[WhiteCountry "CAN"]
[BlackCountry "ARG"]
[WhiteElo "1897"]
[WhiteRD "120"]
[BlackElo "2163"]
[BlackRD "85"]
[GameID "45460"]

1. d4 Nf6 2. c4 c5 3. d5 e6 4. Nc3 exd5 5. cxd5 d6 6. e4 Be7 7. f4 O-O 8. Nf3 Re8 9. Be2 Ng4 10. e5 Nd7
11. e6 fxe6 12. dxe6 Nb6 13. f5 d5 14. Bf4 d4 15. Nb5 Nd5 16. Qa4 Nxf4 17. Nc7 Bd7 18. exd7 Bh4+
0-1

[Event "2005 Standard Chess Dropout Tournament, Round 6"]
[Site "SchemingMind.com"]
[Date "2006.08.21"]
[Round "6"]
[White "wilfried"]
[Black "C. H. O'D. Schlechter"]
[Result "1/2-1/2"]
[WhiteCountry "GER"]
[BlackCountry "USA"]
[WhiteElo "2290"]
[WhiteRD "111"]
[BlackElo "2310"]
[BlackRD "68"]
[GameID "64536"]

1. d4 e6 2. c4 d5 3. Nf3 Nf6 4. g3 dxc4 5. Bg2 c6 6. a4 b5 7. axb5 cxb5 8. Ne5 Nd5 9. O-O Bb7 10. e4 Nf6
11. Nc3 a6 12. d5 Bd6 13. Nxf7 Kxf7 14. e5 Bxe5 15. dxe6+ Kxe6 16. Bxb7 Qxd1 17. Rxd1 Ra7 18. Bg2 Re7 19. Nd5 Nxd5 20. Bxd5+ Kf6
21. Ra3 g5 22. Rf3+ Kg6 23. h4 h6 24. Be4+ Kg7 25. hxg5 hxg5 26. Rf5 Bxg3 27. Rxg5+ Kf6 28. Rg4 Bh2+ 29. Kg2 Rg7 30. Rxg7 Kxg7
31. f4 Rh4 32. Rf1 Nd7=
1/2-1/2

[Event "2005 Standard Chess Dropout Tournament, Round 6"]
[Site "SchemingMind.com"]
[Date "2006.08.21"]
[Round "6"]
[White "C. H. O'D. Schlechter"]
[Black "fifi"]
[Result "1-0"]
[WhiteCountry "USA"]
[BlackCountry "CAN"]
[WhiteElo "2326"]
[WhiteRD "74"]
[BlackElo "2162"]
[BlackRD "118"]
[GameID "64537"]

1. e4 c5 2. Nc3 Nc6 3. f4 g6 4. Nf3 Bg7 5. Bb5 Nd4 6. O-O a6 7. Bc4 b5 8. Bd5 Rb8 9. d3 e6 10. Bb3 Ne7
11. Nxd4 Bxd4+ 12. Kh1 Bb7 13. Qe1 O-O 14. e5 c4 15. dxc4 bxc4 16. Bxc4 Nf5 17. Bd3 d6 18. Bd2
1-0

[Event "2005 Standard Chess Dropout Tournament, Round 6"]
[Site "SchemingMind.com"]
[Date "2006.08.21"]
[Round "6"]
[White "fifi"]
[Black "dmichael"]
[Result "0-1"]
[WhiteCountry "CAN"]
[BlackCountry "USA"]
[WhiteElo "2162"]
[WhiteRD "118"]
[BlackElo "2293"]
[BlackRD "83"]
[GameID "64538"]

1. e4 e6 2. d4 d5 3. Nc3 Nf6 4. Bg5 dxe4 5. Nxe4 Be7 6. Bxf6 Bxf6 7. Nf3 Nd7 8. Qd2 O-O 9. O-O-O Be7 10. Bd3 b6
11. h4 Bb7 12. Qf4 Qb8 13. Rh3 c5
0-1